| 000 | 00581nam a2200217 a 4500 | ||
|---|---|---|---|
| 001 | BRCA_6696 | ||
| 005 | 20190320205546.0 | ||
| 008 | 171011s1918----gw-a######---#000-0#ger-# | ||
| 041 | _ager | ||
| 044 | _agw | ||
| 050 | 4 |
_aND405 _b.C46 _c1918 |
|
| 245 | 1 | 0 |
_aChodowiecki Zwischen rokoko und romantik _cvon F. W. Bredt |
| 260 |
_aMĂșnich _bHugo Schmidt _c[1918?] |
||
| 300 |
_a95 p. _bil. _c19 cm. |
||
| 500 | _aI78 | ||
| 600 | 1 | 4 |
_aChodowiecki, Daniel _d1726-1801. _916738 |
| 650 | 1 | 4 |
_aGravados alemanes _916739 |
| 700 | 1 |
_aBredt, F. W. _916740 |
|
| 902 | _aGFM | ||
| 942 |
_2lcc _cB |
||
| 999 |
_c6379 _d6379 |
||